Εισαγωγή στη θεωρία του κινηματογράφου
Αποθηκεύτηκε σε:
| Κύριος συγγραφέας: | |
|---|---|
| Μορφή: | Βιβλίο |
| Γλώσσα: | Greek English |
| Δημοσίευση: |
Αθήνα :
Πατάκης,
c2004.
|
| Σειρά: | Βιβλία για την τέχνη. Κινηματογράφος.
|
| Θέματα: | |
| Ετικέτες: |
Προσθήκη ετικέτας
Δεν υπάρχουν, Καταχωρήστε ετικέτα πρώτοι!
|
MARC
| LEADER | 00000cam a2200000 i 4500 | ||
|---|---|---|---|
| 001 | 1/8171 | ||
| 008 | 100608s2004 gr | ||| |||| ||gre|| | ||
| 020 | |a 9789601615882 | ||
| 035 | |l 10108155 | ||
| 040 | |a GR-MyUa |b gre |e AACR2 | ||
| 041 | 1 | |a gre |h eng | |
| 082 | 7 | |a 791.4301 |2 (22) | |
| 100 | 1 | |a Stam, Robert, |d 1941- | |
| 245 | 1 | 0 | |a Εισαγωγή στη θεωρία του κινηματογράφου / |c Robert Stam ; μετάφραση Κατερίνα Κακλαμάνη ; επιμέλεια Εύα Στεφανή. |
| 260 | |a Αθήνα : |b Πατάκης, |c c2004. | ||
| 300 | |a 459 σ. ; |c 24 εκ. | ||
| 490 | 1 | |a (Βιβλία για την τέχνη. Κινηματογράφος) | |
| 500 | |a Τίτλος πρωτοτύπου: Film theory : an introduction. | ||
| 500 | |a Το παράρτημα Μυτιλήνης έχει την 2η ανατύπωση (2009). | ||
| 500 | |a Το παράρτημα Σύρου έχει την 4η ανατύπωση (Απρ. 2011). | ||
| 504 | |a Βιβλιογραφία: σ. 415-445. Ευρετήριο. | ||
| 650 | 0 | |a Motion pictures |x Philosophy. | |
| 830 | 0 | |a Βιβλία για την τέχνη. |p Κινηματογράφος. | |
| 852 | |a INST |b LESVOS |e 20100608 |h 791.4301 STA |p 005100047500 |q 005100047500 |t BK |y 0 | ||
| 852 | |a INST |b LESVOS |e 20100608 |h 791.4301 STA |p 005100047501 |q 005100047501 |t BK |y 0 | ||
| 852 | |a INST |b LESVOS |e 20100608 |h 791.4301 STA |p 005100047502 |q 005100047502 |t BK |y 0 | ||
| 852 | |a INST |b LESVOS |e 20100608 |h 791.4301 STA |p 005100047503 |q 005100047503 |t BK |y 0 | ||
| 852 | |a INST |b LESVOS |e 20120504 |h 791.4301 STA |p 005100050408 |q 005100050408 |t BK |y 0 | ||
| 852 | |a INST |b SYROS |c EUDOXUS |e 20130425 |h 791.4301 STA |p 005500010699 |q 005500010699 |t EDX |y 0 | ||
| 901 | |a BIBL5-2013-1 | ||
| 901 | |a BIBL1-2010-2 | ||
| 901 | |a BIBL1-2012-2 | ||
| 920 | |a Εύδοξος |b Παραγγελία |y Σύρος-ΤΜΣΠΣ |z 2013-04 | ||
| 920 | |a Φοιτητική Μέριμνα |y Λέσβος |z 2010-04 | ||
| 920 | |a Εύδοξος |y Λέσβος |z 2012-01 | ||
| 970 | |a Γιαλαμά |b Μαρία |z 08/06/2010 | ||